Normal view
MARC view
- جونز، غوين ؛ ترجمة محمد خالد بشتاوي
Entry Personal Name
001 - CONTROL NUMBER
- control field: 16830
003 - CONTROL NUMBER IDENTIFIER
- control field: JO-AjAnu
005 - DATE AND TIME OF LATEST TRANSACTION
- control field: 20230606073001.0
008 - FIXED-LENGTH DATA ELEMENTS
- fixed length control field: 230606|| aca||aabn | a|a d
040 ## - CATALOGING SOURCE
- Original cataloging agency: JO-AjAnu
- Transcribing agency: JO-AjAnu
100 ## - HEADING--PERSONAL NAME
- Personal name: جونز، غوين ؛ ترجمة محمد خالد بشتاوي
670 ## - SOURCE DATA FOUND
- Source citation: Work cat.: (JO-AjAnu)8643: جونز، غوين ؛ ترجمة محمد خالد بشتاوي, author, اساطير من البلدان الإسكندنافية